000 00387 a2200109 4500
001 ART_41716
005 20260410161805.0
008 260409a
245 1 0 _aLa atribución de intervenir la administración societaria en la nueva ley de mercado de capitales
100 1 _aPapa, Rodolfo G.
773 0 _tDoctrina Societaria y Concursal
_g- Nº 312 (nov. 2013)
_wREV4298
999 _c20955
_d20955